| 000 | 01430nam a2200205 a 4500 | ||
|---|---|---|---|
| 001 | ASIN1451651104 | ||
| 005 | 20170105102854.0 | ||
| 008 | 130826s2012 xxu eng d | ||
| 020 |
_a1451651104 (hardcover) _c$30.00 |
||
| 020 | _a9781451651102 (hardcover) | ||
| 040 | _a0 | ||
| 100 | 1 | _aWoodward, Bob. | |
| 245 | 1 | 4 |
_aThe price of politics / _cBob Woodward. |
| 250 | _a1st ed. | ||
| 260 |
_a[S.l.] : _bSimon & Schuster, _c2012. |
||
| 300 |
_a448 p. ; _c24 cm. |
||
| 520 | _aBased on 18 months of reporting, Woodward's 17th book The Price of Politics is an intimate, documented examination of how President Obama and the highest profile Republican and Democratic leaders in the United States Congress attempted to restore the American economy and improve the federal government’s fiscal condition over three and one half years. Drawn from memos, contemporaneous meeting notes, emails and in-depth interviews with the central players, The Price of Politics addresses the key issue of the presidential and congressional campaigns: the condition of the American economy and how and why we got there. Providing verbatim, day-by-day, even hour-by-hour accounts, the book shows what really happened, what drove the debates, negotiations and struggles that define, and will continue to define, the American future. | ||
| 856 | 4 | 0 |
_3Amazon.com _uhttp://www.amazon.com/exec/obidos/ASIN/1451651104/chopaconline-20 |
| 942 |
_2ddc _cBK |
||
| 999 |
_c14417 _d14417 |
||